| 000 | 00584nam a2200205Ia 4500 | ||
|---|---|---|---|
| 003 | OSt | ||
| 005 | 20240430103801.0 | ||
| 008 | 210210b1978 xxu||||| |||| 00| 0 eng d | ||
| 040 | _cAL | ||
| 041 | _aKannda | ||
| 082 | _a530.092K SHRA | ||
| 100 |
_aSHRIRANGARAJ (H V). _9136956 _dಶ್ರಿರಂಗರಾಜ್ (ಎಚ್ ವಿ) |
||
| 245 |
_aEinstein _bಐನ್ಸ್ಟೈನ್ |
||
| 260 |
_aBangalore _bBoard of Pre-university Education _c1978 |
||
| 300 | _a123 | ||
| 650 |
_aEinstein _9136957 |
||
| 690 |
_aBiography _9136958 |
||
| 906 | _aSG01053 | ||
| 942 |
_2ddc _cBK |
||
| 999 |
_c112100 _d112100 |
||